000 00850nam a2200241 i 4500
001 74706
003 ES-MaACL
005 20250816062532.0
007 t|
008 040920s1966 sp ||||1| spa d
100 1 _aGonzález Ruiz, José María.
_958943
245 1 3 _aEl cristianismo no es un humanismo
_b: apuntes para una teología del mundo /
_cJosé María González Ruiz ; prólogo de M.D. Chenu.
250 _a[1ª ed.].
260 _aMadrid :
_bPenínsula,
_c1966.
300 _a227 p. ;
_c21 cm.
490 1 _aHistoria Ciencia Sociedad ;
_v5
650 0 7 _aCristianismo
_2embne
_911425
650 1 4 _aIglesia y mundo.
_9136257
700 1 _aChenu, Marie-Dominique (
_d1895-1990)
_938350
830 0 0 _aHistoria, ciencia, sociedad (Península)
_v5
_9177444
852 _aES-MaACL
_jC-30791
_bR.61367
999 _c74706
_d74706